<?xml version="1.0" encoding="UTF-8"?>
<collection xmlns="http://www.loc.gov/MARC21/slim">
  <record>
    <leader>00000nam  2200000   4500</leader>
    <controlfield tag="001">INLIS000000000000483</controlfield>
    <controlfield tag="005">20180724135126</controlfield>
    <controlfield tag="008">180724|||||||||   |   |||   |||| ||   | </controlfield>
    <datafield tag="035" ind1=" " ind2=" ">
      <subfield code="0">010-0718000483</subfield>
    </datafield>
    <datafield tag="041" ind1=" " ind2=" ">
      <subfield code="a">id</subfield>
    </datafield>
    <datafield tag="082" ind1=" " ind2=" ">
      <subfield code="a">037</subfield>
    </datafield>
    <datafield tag="090" ind1=" " ind2=" ">
      <subfield code="a">R 037 PIM I 2013</subfield>
    </datafield>
    <datafield tag="100" ind1=" " ind2=" ">
      <subfield code="a">loriaux,Robert Iwan</subfield>
    </datafield>
    <datafield tag="245" ind1=" " ind2=" ">
      <subfield code="a">Optimalisasi Pengelolaan Wilayah Laut Di Provinsi Kepulauan Riau Menuju Provinsi Maritim</subfield>
    </datafield>
    <datafield tag="250" ind1=" " ind2=" ">
      <subfield code="a">ed.1</subfield>
    </datafield>
    <datafield tag="260" ind1=" " ind2=" ">
      <subfield code="a">Jakarta</subfield>
      <subfield code="b">Lembaga Administrasi Negara</subfield>
      <subfield code="c">2013</subfield>
    </datafield>
    <datafield tag="300" ind1=" " ind2=" ">
      <subfield code="a">27 hlm.; 30 cm.</subfield>
    </datafield>
    <datafield tag="500" ind1=" " ind2=" ">
      <subfield code="a">Salah satu upaya persiapan perangkat pendukung memanfaatkan secara optimal sumber daya laut di provinsi Kepulauan Riau dan menjadi proyek perubahan dari laporan kertas kerja ini adalah telah dibentuknya tim kerja pengelola sumber daya di wilayah laut provinsi Kepulauan Riau melalui SK Gubernur Kepulauan Riau Nomor 815 tahun 2013 tanggal 30 September 2013, untuk melakukan koordinasi dengan Kementerian/Lembaga pemerintah terkait dalam upaya mewujudkan pelaksanaan pengelolaan wilayah laut di provinsi Kepulauan Riau oleh daerah sesuai dengan peraturan perundang-undangan yang berlaku.  Dan mempersiapkan pembentukan lembaga atau unit organisasi untuk melaksanakan pengelolaan wilayah laut yang menjadi kewenangan daerah serta menyusun Grand Design pengelolaan sumber daya laut Kepulauan Riau kewenangan daerah menuju Provinsi Maritim.</subfield>
    </datafield>
    <datafield tag="650" ind1=" " ind2=" ">
      <subfield code="a">Optimalisasi Pengelolaan Wilayah Laut -- Proyek Perubahan PIM1</subfield>
    </datafield>
  </record>
</collection>
